[Event "Pan American-ch U2000"]
[Site "Timbo"]
[Date "2021.12.04"]
[Round "7"]
[White "Andreata, Mauro Antonio"]
[Black "Santos, Otavio Belegarde do"]
[Result "1/2-1/2"]
[WhiteElo "1652"]
[BlackElo "1816"]
[PlyCount "69"]
[EventDate "2021.12.01"]
[EventType "swiss"]
[EventRounds "9"]
[EventCountry "BRA"]
[SourceTitle "CBM 205 Extra"]
[Source "ChessBase"]
[SourceDate "2022.01.31"]
[SourceVersion "1"]
[SourceVersionDate "2022.01.31"]
[SourceQuality "1"]

1. d4 e6 2. c4 d5 3. Nf3 Nf6 4. Bg5 Be7 5. e3 0-0 6. Nc3 b6 7. cxd5 exd5 8. Bd3 Bb7 9. Rc1 Nbd7 10. h4 Rc8 11. Bb1 Ne4 12. Qd3 h6 13. Bf4 Ndf6 14. Ne5 c5 15. f3 cxd4 16. exd4 Nd6 17. g4 Nfe4 18. fxe4 Bxh4+ 19. Ke2 dxe4 20. Qe3 Re8 21. a3 Ba6+ 22. Kd1 g5 23. Bg3 f6 24. Ba2+ Kg7 25. Bxh4 fxe5 26. Bf2 Qd7 27. Qh3 Rh8 28. d5 Nc4 29. Bxc4 Bxc4 30. Re1 Bd3 31. Bg3 Qe7 32. Qh2 Rce8 33. Qg2 Qc5 34. Qf2 e3 35. Qh2 1/2-1/2

[Event "American Continental 15th"]
[Site "Sao Paulo"]
[Date "2019.07.09"]
[Round "7"]
[White "Andreata, Mauro Antonio"]
[Black "Baeta, Marcio Netto"]
[Result "0-1"]
[WhiteElo "1648"]
[BlackElo "1903"]
[PlyCount "70"]
[EventDate "2019.07.05"]
[EventType "swiss"]
[EventRounds "11"]
[EventCountry "BRA"]
[SourceTitle "CBM 191 Extra"]
[Source "ChessBase"]
[SourceDate "2019.09.30"]
[SourceVersion "1"]
[SourceVersionDate "2019.09.30"]
[SourceQuality "1"]

1. d4 Nf6 2. c4 e5 3. e3 e4 4. Nc3 Bb4 5. Bd2 a5 6. Nge2 c6 7. c5 d5 8. cxd6 Bxd6 9. g3 h5 10. Bg2 Qe7 11. Qc2 Bf5 12. a4 h4 13. 0-0-0 h3 14. Bf1 Na6 15. Nf4 Nb4 16. Qb1 g5 17. Be2 gxf4 18. gxf4 Be6 19. Rdg1 Bb3 20. Be1 Qe6 21. Rg5 Bc2 22. Qa1 Qb3 23. Kd2 Nd3 24. Rhg1 Bxf4 25. exf4 Nxf4 26. Bc4 Qxc4 27. Kxc2 Ne2 28. Rh1 Nd5 29. Rxd5 cxd5 30. b3 Qd3+ 31. Kb2 Rc8 32. Qd1 Rxc3 33. Bxc3 Qxc3+ 34. Ka2 Qd3 35. Qf1 Qc2+ 0-1

[Event "American Continental 15th"]
[Site "Sao Paulo"]
[Date "2019.07.06"]
[Round "2"]
[White "Donoso Diaz, Sebastian"]
[Black "Andreata, Mauro Antonio"]
[Result "1-0"]
[WhiteElo "2239"]
[BlackElo "1648"]
[PlyCount "93"]
[EventDate "2019.07.05"]
[EventType "swiss"]
[EventRounds "11"]
[EventCountry "BRA"]
[SourceTitle "CBM 191 Extra"]
[Source "ChessBase"]
[SourceDate "2019.09.30"]
[SourceVersion "1"]
[SourceVersionDate "2019.09.30"]
[SourceQuality "1"]

1. d4 d5 2. c4 e6 3. Nf3 Nf6 4. g3 Be7 5. Bg2 0-0 6. 0-0 h6 7. Nc3 c6 8. b3 Nbd7 9. Qc2 Re8 10. Bb2 a6 11. e4 dxe4 12. Nxe4 Nxe4 13. Qxe4 Nf6 14. Qc2 Qa5 15. Rfe1 Bd7 16. Ne5 Rad8 17. Re2 Qb6 18. Bc3 Bb4 19. c5 Qa5 20. Nc4 Bxc3 21. Nxa5 Bxa1 22. Nxb7 Bxd4 23. Nxd8 Rxd8 24. Qc4 Bc8 25. Bxc6 e5 26. Kg2 Ng4 27. Bf3 Nf6 28. c6 g5 29. c7 Rf8 30. Rd2 g4 31. Bc6 Kg7 32. Rxd4 exd4 33. Qxd4 h5 34. Qc5 Nh7 35. b4 f6 36. a4 Ng5 37. b5 axb5 38. axb5 Ne6 39. Qd6 f5 40. b6 f4 41. b7 Bxb7 42. Bxb7 f3+ 43. Kf1 Nxc7 44. Qxc7+ Rf7 45. Qe5+ Rf6 46. Bc6 Kg6 47. Be8+ 1-0

[Event "Catalao op 1st"]
[Site "Catalao"]
[Date "2019.03.10"]
[Round "4"]
[White "Andreata, Mauro Antonio"]
[Black "De Paiva, Ricardo Carisio Bat"]
[Result "0-1"]
[WhiteElo "1800"]
[BlackElo "1614"]
[PlyCount "56"]
[EventDate "2019.02.09"]
[EventType "swiss"]
[EventRounds "5"]
[EventCountry "BRA"]
[SourceTitle "CBM 189 Extra"]
[Source "ChessBase"]
[SourceDate "2019.06.03"]
[SourceVersion "1"]
[SourceVersionDate "2019.06.03"]
[SourceQuality "1"]

1. d4 Nf6 2. c4 g6 3. Nf3 Bg7 4. Nc3 0-0 5. e4 d6 6. Be2 Nbd7 7. 0-0 e5 8. Bg5 Qe8 9. d5 Nc5 10. Qc2 a5 11. Nb5 Qd7 12. Nc3 Qg4 13. h3 Qh5 14. Bxf6 Bxf6 15. Nh2 Qh4 16. Ng4 Bg7 17. Nb5 f5 18. Nh2 Qd8 19. f3 f4 20. Ng4 h5 21. Nf2 Rf7 22. a3 a4 23. Rfd1 Bf6 24. Kf1 Bh4 25. Rab1 Nb3 26. Nc3 Qg5 27. Nh1 Bd7 28. Rd3 Nd4 0-1